000
00305nam a2200121Ia 4500
008
240624s9999 xx 000 0 und d
041
_a
eng
082
_a
823 ARM
100
_a
ARMSTRONG LANCE
245
_a
EVERY SECOND COUNTS
260
_c
2003
_a
London
_b
Yello Jersey Press
300
_a
246 : p. : cm. ; 22
999
_c
25898
_d
25898